Szczegóły MARC21

Democracy in America /

003 -Nazwa inst., której nr kontr. jest w polu 001 [,]
    • @
    • Nazwa instytucji, której n kontrolny jest w polu 001
    • NUKAT
005 -DATA I CZAS OSTATNIEJ MODYFIKACJI [,]
    • @
    • pole kontrolne
    • 20241231094535.0
020 -Międzynarod. znormalizowany nr książki - ISBN [ , ]
    • a
    • Numer ISBN
    • 0872204952 Find
    • q
    • Dopowiedzenie
    • cloth
020 -Międzynarod. znormalizowany nr książki - ISBN [ , ]
    • a
    • Numer ISBN
    • 0872204944 Find
    • q
    • Dopowiedzenie
    • pbk.
040 -Instytucja sporządzająca opis [ , ]
    • a
    • Instytucja, która sporządziła opis (NP)
    • SZCZ U/JS
    • b
    • Język katalogowania
    • pol
    • e
    • Zasady katalogowania
    • rda
    • c
    • Instytucja, która sporządziła rekord (NP)
    • SZCZ U/JSs
041 -Język dokumentu [1, ]
    • a
    • Język tekstu (P)
    • angielski
    • h
    • Język tekstu oryginalnego i/lub pośredniego (P)
    • francuski
942 -Rodzaj dokumentu [ , ]
    • c
    • Rodzaj dokumentu
    • Książka
100 -Hasło główne - nazwa osobowa [1, ]
    • a
    • Nazwa osobowa (NP)
    • Tocqueville, Alexis de
    • d
    • Daty biograficzne (NP)
    • (1805-1859).
    • e
    • Rodzaj współpracy
    • Autor
    • 9
    • KHW
    • 254835
240 -Tytuł ujednolicony [1,0]
    • a
    • Tytuł ujednolicony
    • De la démocratie en Amérique
    • l
    • Język tekstu
    • (ang.)
    • 9
    • KHW
    • 691570
245 -Strefa tytułu i oznaczenia odpowiedzialności [1,0]
    • a
    • Tytuł
    • Democracy in America / Find
    • c
    • Pozostałe elementy strefy tytułu i oznaczenia odpowiedzialności (NP)
    • Alexis de Tocqueville ; abridged, with introduction, by Sanford Kessler ; translated and annotated by Stephen D. Grant.
260 -Strefa adresu wydawniczego [ , ]
    • a
    • Miejsce wydania (P)
    • Indianapolis :
    • b
    • Nazwa wydawcy (P)
    • Hackett Publishing Company,
    • c
    • Data wydania (P)
    • © 2000.
300 -Strefa opisu fizycznego [ , ]
    • a
    • Określenie formy książki i/lub objętość (NP)
    • XL, 331stron ;
    • c
    • Format (NP)
    • 21 cm.
336 -Typ zawartości [ , ]
    • a
    • Termin opisujący typ zawartości
    • Tekst
    • b
    • Kod określający zawartość
    • txt
    • 2
    • Źródło (terminu i kodu)
    • rdacontent
337 -Typ mediów [ , ]
    • a
    • Tryb odtwarzania
    • Bez urządzenia pośredniczącego
    • b
    • Kod typu mediów
    • n
    • 2
    • Źródło (terminu i kodu)
    • rdamedia
338 -Typ/rodzaj nośnika [ , ]
    • a
    • Hasło opisujące typ nośnika
    • Wolumin
    • b
    • Kod typu nośnika
    • nc
    • 2
    • Źródło (terminu i kodu)
    • rdacarrier
380 -Deskryptor - Forma dzieła (P) [ , ]
    • a
    • forma dzieła (NP)
    • Książki
380 -Deskryptor - Forma dzieła (P) [ , ]
    • a
    • forma dzieła (NP)
    • Literatura faktu, eseje, publicystyka
388 -Deskryptor - czas powstania dzieła (P) [1, ]
    • a
    • Czas powstania dzieła (NP)
    • 1801-1900
504 -Uwaga dot. bibliogr. załącznikowej [ , ]
    • a
    • Uwaga dot. bibliografii załącznikowej
    • Bibliografia na stronach 320-321. Indeks.
650 -Hasło przedmiotowe [ ,7]
    • a
    • Hasło przedmiotowe
    • Demokracja
    • z
    • Określnik geograficzny
    • Stany Zjednoczone
    • y
    • Określnik chronologiczny
    • 19 w.
    • 2
    • Źródło terminu
    • kaba
    • 9
    • KHW
    • 461639
650 -Hasło przedmiotowe [ ,7]
    • a
    • Hasło przedmiotowe
    • Demokracja
    • 2
    • Źródło terminu
    • DBN
    • 9
    • KHW
    • 722093
651 -Hasło przedmiotowe w formie nazwy geograficznej [ ,7]
    • a
    • Nazwa geograficzna
    • Stany Zjednoczone
    • x
    • Określnik rzeczowy
    • polityka i rządy
    • y
    • Określnik chronologiczny
    • 1783-1865.
    • 2
    • Źródło terminu
    • kaba
    • 9
    • KHW
    • 130936
651 -Hasło przedmiotowe w formie nazwy geograficznej [ ,7]
    • a
    • Nazwa geograficzna
    • Stany Zjednoczone
    • x
    • Określnik rzeczowy
    • sytuacja społeczna
    • y
    • Określnik chronologiczny
    • do 1865.
    • 2
    • Źródło terminu
    • kaba
    • 9
    • KHW
    • 131021
655 -Hasło w funkcji tematu formalnego [ ,7]
    • a
    • Hasło
    • Literatura faktu, eseje, publicystyka
    • 2
    • Źródło terminu
    • DBN
    • 9
    • KHW
    • 721211
700 -Hasło dodatkowe - nazwa osobowa [1, ]
    • a
    • Nazwa osobowa (NP)
    • Kessler, Sanford Find
    • d
    • Daty biograficzne (NP)
    • (1945- ).
    • e
    • Określenie rodzaju współpracy
    • Wstęp
    • 9
    • KHW
    • 691568
700 -Hasło dodatkowe - nazwa osobowa [1, ]
    • a
    • Nazwa osobowa (NP)
    • Grant, Stephen D. Find
    • d
    • Daty biograficzne (NP)
    • (1948- ).
    • e
    • Określenie rodzaju współpracy
    • Tłumaczenie
    • 9
    • KHW
    • 691569
710 -Hasło dodatkowe - nazwa ciała zbiorowego [2, ]
    • a
    • Nazwa ciała zbiorowego lub nazwa geograficzna jako pierwszy element (NP)
    • Hackett Publishing Company.
    • e
    • Rodzaj współpracy
    • Wydawca
    • 4
    • Kod relacji
    • pbl
    • 9
    • KHW
    • 612778
920 -ISBN [ , ]
    • a
    • ISBN
    • 0-87220-495-2 Find
    • q
    • Dopowiedzenie
    • cloth
920 -ISBN [ , ]
    • a
    • ISBN
    • 0-87220-494-4 Find
    • q
    • Dopowiedzenie
    • pbk.
Sygnatura Numer inwentarzowy Status udost. Lokalizacja Data inwentaryzacji
ANG. Polityka Stanów Zjedn. 20A.64401BM2002-04-16